[Event "Titled Tuesday 2021.01.26"]
[Site "chess.com INT"]
[Date "2021.01.26"]
[Round "7"]
[White "Nakamura, Hikaru"]
[Black "Hansen, Eric"]
[Result "1-0"]
[WhiteElo "2736"]
[BlackElo "2606"]
[PlyCount "161"]
[GameId "2130307590049886"]
[EventDate "2021.01.26"]
[EventType "team (blitz)"]
[EventRounds "11"]
[EventCountry "NET"]
[SourceTitle "The Week in Chess 1369"]
[Source "Mark Crowther"]
[SourceDate "2021.02.01"]
[SourceVersion "1"]
[SourceVersionDate "2021.02.01"]
[SourceQuality "2"]

1. e4 c5 2. Nf3 e6 3. d4 cxd4 4. Nxd4 a6 5. Bd3 Qb6 6. Nb3 Qc7 7. O-O d6 8. f4 Nd7 9. Be3 Ngf6 10. N1d2 b6 11. a4 Bb7 12. c4 Rb8 13. a5 bxa5 14. Nxa5 Ba8 15. Nab3 Bb7 16. Qe2 Be7 17. Rfb1 O-O 18. Na5 Ba8 19. b4 d5 20. e5 dxc4 21. Naxc4 Nd5 22. Rc1 Nxe3 23. Nxe3 Qd8 24. Be4 Rxb4 25. Bxa8 Qxa8 26. Rxa6 Qb7 27. Rac6 Bd8 28. R6c4 Rxc4 29. Ndxc4 Qe4 30. g3 Be7 31. Qg2 Qd4 32. Rd1 Qa7 33. Kh1 Rc8 34. Qd2 Nc5 35. Qe2 Qa8+ 36. Qg2 Qa4 37. Qc2 Qa8+ 38. Qg2 Qa7 39. h4 h5 40. Qf3 g6 41. Kg2 Rb8 42. Rd2 Nb3 43. Rb2 Nd4 44. Rxb8+ Qxb8 45. Qe4 Bc5 46. Kh3 Qa7 47. Nd2 Qa1 48. Kg2 Qe1 49. Nef1 Qd1 50. Qe3 Qc2 51. Qe4 Qd1 52. Qe3 Kg7 53. Ne4 Qc2+ 54. Nfd2 Bb6 55. Qc3 Qd1 56. Nf2 Qe2 57. Qd3 Qe1 58. Nde4 Nf5 59. Qd2 Ne3+ 60. Kf3 Qf1 61. Qd6 Qh1+ 62. Ke2 Qf1+ 63. Kf3 Ba7 64. Qe7 Qg2+ 65. Ke2 Bd4 66. Qf6+ Kg8 67. Qd8+ Kg7 68. Qxd4 Nf5 69. Qd3 Kh7 70. Nf6+ Kg7 71. N6e4 Kh7 72. Kd2 Qg1 73. Kc2 Qa1 74. Ng5+ Kg7 75. Nfe4 Qa2+ 76. Kc1 Qa1+ 77. Kd2 Qb2+ 78. Ke1 Qc1+ 79. Kf2 Qh1 80. Qf3 Qc1 81. Qe2 1-0

[Event "Titled Tuesday 2021.01.26"]
[Site "chess.com INT"]
[Date "2021.01.26"]
[Round "10"]
[White "Vrolijk, Liam"]
[Black "Hansen, Eric"]
[Result "1-0"]
[WhiteElo "2480"]
[BlackElo "2606"]
[PlyCount "71"]
[GameId "2130307590058265"]
[EventDate "2021.01.26"]
[EventType "team (blitz)"]
[EventRounds "11"]
[EventCountry "NET"]
[SourceTitle "The Week in Chess 1369"]
[Source "Mark Crowther"]
[SourceDate "2021.02.01"]
[SourceVersion "1"]
[SourceVersionDate "2021.02.01"]
[SourceQuality "2"]

1. d4 Nf6 2. Bg5 d5 3. e3 c5 4. Bxf6 gxf6 5. dxc5 e6 6. Nf3 Bxc5 7. Be2 Nc6 8. O-O f5 9. c4 dxc4 10. Qc1 Qf6 11. Qxc4 Bb6 12. Nc3 O-O 13. Rfd1 Ba5 14. Rac1 a6 15. a3 Bxc3 16. Rxc3 e5 17. Qc5 Be6 18. Qb6 Rab8 19. Rcc1 Rfd8 20. h3 e4 21. Nh2 Kg7 22. Nf1 f4 23. exf4 Qxf4 24. Rxd8 Rxd8 25. Rxc6 Rd5 26. Rxe6 fxe6 27. Qxe6 Qe5 28. Qg4+ Kf8 29. Ne3 Rd8 30. Bc4 b5 31. Qg8+ Ke7 32. Qf7+ Kd6 33. Bd5 Kc5 34. b4+ Kd4 35. Ba2 Rc8 36. Qd7+ 1-0

[Event "Titled Tuesday 2021.01.26"]
[Site "chess.com INT"]
[Date "2021.01.26"]
[Round "11"]
[White "Hansen, Eric"]
[Black "Samadov, Read"]
[Result "0-1"]
[WhiteElo "2606"]
[BlackElo "2332"]
[PlyCount "118"]
[GameId "2130307590062385"]
[EventDate "2021.01.26"]
[EventType "team (blitz)"]
[EventRounds "11"]
[EventCountry "NET"]
[SourceTitle "The Week in Chess 1369"]
[Source "Mark Crowther"]
[SourceDate "2021.02.01"]
[SourceVersion "1"]
[SourceVersionDate "2021.02.01"]
[SourceQuality "2"]

1. e4 c5 2. Nf3 d6 3. Bb5+ Bd7 4. Bxd7+ Qxd7 5. c4 e5 6. Nc3 Nc6 7. d3 Be7 8. Rb1 Bd8 9. O-O Nge7 10. a3 a5 11. Nd5 O-O 12. Bd2 Ng6 13. b4 axb4 14. axb4 b6 15. b5 Nce7 16. Nc3 f5 17. exf5 Nxf5 18. g3 Ra3 19. Ra1 Rxa1 20. Qxa1 Nfh4 21. Nxh4 Nxh4 22. Qd1 Nf3+ 23. Kg2 Qg4 24. h3 Nh4+ 25. Kh2 Qxd1 26. Rxd1 Rxf2+ 27. Kg1 Rxd2 28. gxh4 Rxd1+ 29. Nxd1 Bxh4 30. Nc3 Bd8 31. Kg2 Kf7 32. Kf3 g5 33. Ne4 Ke6 34. Kg4 d5 35. Nc3 dxc4 36. dxc4 Kf6 37. Ne4+ Kg6 38. Ng3 e4 39. Nxe4 h5+ 40. Kf3 Kf5 41. Ng3+ Ke5 42. Ke3 g4 43. hxg4 hxg4 44. Ne4 Bh4 45. Nc3 g3 46. Kf3 Kd4 47. Nd5 Kxc4 48. Nxb6+ Kxb5 49. Nd5 c4 50. Ne3 c3 51. Ke2 Bg5 52. Nc2 Kc4 53. Kf3 Bh4 54. Ke4 g2 55. Ne3+ Kb3 56. Nxg2 c2 57. Nxh4 c1=Q 58. Nf3 Qc4+ 59. Ke3 Kc3 0-1

[Event "Titled Tuesday 2021.01.19"]
[Site "chess.com INT"]
[Date "2021.01.19"]
[Round "2"]
[White "Hansen, Eric"]
[Black "Budrewicz, Krzysztof"]
[Result "1-0"]
[WhiteElo "2606"]
[BlackElo "2289"]
[PlyCount "83"]
[GameId "2130307590129485"]
[EventDate "2021.01.19"]
[EventType "swiss (blitz)"]
[EventRounds "11"]
[EventCountry "NET"]
[SourceTitle "The Week in Chess 1368"]
[Source "Mark Crowther"]
[SourceDate "2021.01.25"]
[SourceVersion "2"]
[SourceVersionDate "2021.01.26"]
[SourceQuality "2"]

1. e4 c5 2. Nf3 e6 3. d4 cxd4 4. Nxd4 Nf6 5. Nc3 Nc6 6. Ndb5 a6 7. Nd6+ Bxd6 8. Qxd6 Qe7 9. Bf4 e5 10. Qxe7+ Kxe7 11. Bg5 Nb4 12. O-O-O h6 13. Bxf6+ Kxf6 14. a3 Nc6 15. Nd5+ Kg6 16. Nb6 Rb8 17. Rd6+ f6 18. Bc4 Nd8 19. Rhd1 Nf7 20. Bxf7+ Kxf7 21. Nxd7 Bxd7 22. Rxd7+ Kg6 23. R1d3 Rhg8 24. R3d6 h5 25. Rb6 Kg5 26. Rbxb7 Rxb7 27. Rxb7 Kf4 28. f3 Ke3 29. Rd7 h4 30. h3 g5 31. c4 Rc8 32. b3 a5 33. a4 Kf2 34. Rd2+ Ke3 35. Kc2 Rc6 36. Kc3 Rc8 37. Rc2 Rd8 38. c5 Rd3+ 39. Kb2 Rd7 40. c6 Rc7 41. b4 axb4 42. a5 1-0

[Event "Titled Tuesday 2021.01.19"]
[Site "chess.com INT"]
[Date "2021.01.19"]
[Round "3"]
[White "Barp, Alberto"]
[Black "Hansen, Eric"]
[Result "0-1"]
[WhiteElo "2361"]
[BlackElo "2606"]
[PlyCount "106"]
[GameId "2130307590133627"]
[EventDate "2021.01.19"]
[EventType "swiss (blitz)"]
[EventRounds "11"]
[EventCountry "NET"]
[SourceTitle "The Week in Chess 1368"]
[Source "Mark Crowther"]
[SourceDate "2021.01.25"]
[SourceVersion "2"]
[SourceVersionDate "2021.01.26"]
[SourceQuality "2"]

1. d4 Nf6 2. c4 g6 3. g3 Bg7 4. Bg2 d5 5. cxd5 Nxd5 6. e4 Nb6 7. Ne2 O-O 8. O-O c5 9. dxc5 N6d7 10. Qc2 Na6 11. Be3 Qa5 12. Nbc3 Nb4 13. Qa4 Qxa4 14. Nxa4 Nc2 15. Rac1 Nxe3 16. fxe3 Ne5 17. Rfd1 Bg4 18. Kf2 Rfd8 19. h3 Bd7 20. Nac3 e6 21. Nd4 Rdc8 22. b4 a5 23. a3 axb4 24. axb4 Ra3 25. Bf1 Bh6 26. Nf3 Nxf3 27. Kxf3 Be8 28. Rd3 Kf8 29. Nb5 Ra4 30. Nd6 Rb8 31. Rb3 Bd7 32. Bb5 Bxb5 33. Nxb5 Ke7 34. Nd4 Bg7 35. Ke2 Rd8 36. Rc4 Ra2+ 37. Kf3 e5 38. Rc2 Ra1 39. Nb5 Rf1+ 40. Rf2 Rh1 41. h4 f5 42. exf5 gxf5 43. e4 f4 44. gxf4 Rxh4 45. f5 Bh6 46. Nd6 Rh3+ 47. Ke2 Rxb3 48. f6+ Ke6 49. f7 Bf8 50. Nxb7 Rd4 51. c6 Rbxb4 52. c7 Rdc4 53. Nd8+ Kd7 0-1

[Event "Titled Tuesday 2021.01.19"]
[Site "chess.com INT"]
[Date "2021.01.19"]
[Round "5"]
[White "Makarian, Rudik"]
[Black "Hansen, Eric"]
[Result "1-0"]
[WhiteElo "2461"]
[BlackElo "2606"]
[PlyCount "121"]
[GameId "2130307590141973"]
[EventDate "2021.01.19"]
[EventType "swiss (blitz)"]
[EventRounds "11"]
[EventCountry "NET"]
[SourceTitle "The Week in Chess 1368"]
[Source "Mark Crowther"]
[SourceDate "2021.01.25"]
[SourceVersion "2"]
[SourceVersionDate "2021.01.26"]
[SourceQuality "2"]

1. d4 Nf6 2. c4 g6 3. Nc3 d5 4. Bf4 Bg7 5. e3 c5 6. dxc5 Nbd7 7. cxd5 Qa5 8. f3 Nxd5 9. Qxd5 Bxc3+ 10. Kf2 Bxb2 11. Rb1 Bg7 12. Bc4 e6 13. Qd6 Qxc5 14. Qxc5 Nxc5 15. Bd6 b6 16. Ne2 Nb7 17. Bb4 Bd7 18. Rhd1 O-O-O 19. Ba6 Kb8 20. Bxb7 Kxb7 21. Be7 Rhe8 22. Bxd8 Rxd8 23. Rd2 Bf6 24. Rbd1 Kc7 25. Rc1+ Kb7 26. e4 e5 27. Rcd1 Kc7 28. Nc3 Bg5 29. Rd3 Bc6 30. Rxd8 Bxd8 31. Nd5+ Bxd5 32. Rxd5 f6 33. Ke2 Be7 34. Kd3 Kc6 35. Kc4 Bd6 36. a4 a6 37. g4 g5 38. h3 h6 39. Rd1 b5+ 40. Kb3 Bc7 41. Rc1+ Kb6 42. axb5 axb5 43. Ra1 Kb7 44. Kb4 Kb6 45. Ra8 Bd6+ 46. Kb3 Kc5 47. Rc8+ Kd4 48. Rd8 Kc5 49. Kc3 Kc6 50. Rh8 Kc5 51. Rxh6 b4+ 52. Kb3 Be7 53. Rh7 Kd6 54. Kxb4 Ke6+ 55. Kc4 Bd6 56. Rb7 Ba3 57. Rb6+ Ke7 58. Kd5 Kf7 59. Rb7+ Kg6 60. Ke6 Bc5 61. Rf7 1-0

[Event "Titled Tuesday 2021.01.19"]
[Site "chess.com INT"]
[Date "2021.01.19"]
[Round "7"]
[White "Dobrov, Vladimir"]
[Black "Hansen, Eric"]
[Result "0-1"]
[WhiteElo "2478"]
[BlackElo "2606"]
[PlyCount "76"]
[GameId "2130307590146173"]
[EventDate "2021.01.19"]
[EventType "swiss (blitz)"]
[EventRounds "11"]
[EventCountry "NET"]
[SourceTitle "The Week in Chess 1368"]
[Source "Mark Crowther"]
[SourceDate "2021.01.25"]
[SourceVersion "2"]
[SourceVersionDate "2021.01.26"]
[SourceQuality "2"]

1. b3 e5 2. Bb2 Nc6 3. e3 Nf6 4. Bb5 e4 5. Nc3 a6 6. Bxc6 dxc6 7. f3 Bf5 8. fxe4 Nxe4 9. Nxe4 Bxe4 10. Nf3 Qd7 11. O-O f6 12. d3 Bg6 13. e4 O-O-O 14. Kh1 Bc5 15. Qe1 Rhe8 16. b4 Bd6 17. a4 c5 18. bxc5 Bxc5 19. Qc3 Qc6 20. Qb3 Re7 21. h3 Bf7 22. c4 Red7 23. Rfd1 Bf8 24. Rab1 h5 25. Ba1 g5 26. Ne1 Re8 27. Nc2 g4 28. Nd4 Rxd4 29. Bxd4 gxh3 30. gxh3 f5 31. Rf1 fxe4 32. Rxf7 exd3+ 33. Kg1 Qg6+ 34. Kh2 Bd6+ 35. Kh1 Qe4+ 36. Kg1 Qxd4+ 37. Rf2 Rg8+ 38. Kf1 Qe4 0-1

[Event "Titled Tuesday 2021.01.19"]
[Site "chess.com INT"]
[Date "2021.01.19"]
[Round "9"]
[White "Hansen, Eric"]
[Black "Mamedyarov, Shakhriyar"]
[Result "0-1"]
[WhiteElo "2606"]
[BlackElo "2770"]
[PlyCount "62"]
[GameId "2130307590150385"]
[EventDate "2021.01.19"]
[EventType "swiss (blitz)"]
[EventRounds "11"]
[EventCountry "NET"]
[SourceTitle "The Week in Chess 1368"]
[Source "Mark Crowther"]
[SourceDate "2021.01.25"]
[SourceVersion "2"]
[SourceVersionDate "2021.01.26"]
[SourceQuality "2"]

1. e4 c6 2. Nf3 d5 3. d3 g6 4. Be2 Bg7 5. O-O e6 6. Nc3 d4 7. Nb1 c5 8. b4 c4 9. Nbd2 c3 10. Nc4 b5 11. Na5 a6 12. e5 Ne7 13. a4 bxa4 14. Rxa4 O-O 15. Nb3 Bd7 16. Ra1 Nbc6 17. Nbxd4 Nxd4 18. Nxd4 Bxe5 19. Nb3 Nd5 20. d4 Bd6 21. Rxa6 Rxa6 22. Bxa6 Nxb4 23. Be2 Ba4 24. Ba3 Bxb3 25. cxb3 Qc7 26. g3 Ra8 27. Bxb4 Bxb4 28. Bc4 Ra2 29. d5 c2 30. Qf3 exd5 31. Qxd5 Ba3 0-1

[Event "Titled Tuesday 2020.12.22"]
[Site "chess.com INT"]
[Date "2020.12.22"]
[Round "2"]
[White "Sukovic, Andrej"]
[Black "Hansen, Eric"]
[Result "0-1"]
[WhiteElo "2282"]
[BlackElo "2606"]
[PlyCount "110"]
[GameId "2130307590631535"]
[EventDate "2020.12.22"]
[EventType "swiss (blitz)"]
[EventRounds "11"]
[EventCountry "NET"]
[SourceTitle "The Week in Chess 1364"]
[Source "Mark Crowther"]
[SourceDate "2020.12.28"]
[SourceVersion "1"]
[SourceVersionDate "2020.12.28"]
[SourceQuality "2"]

1. e4 e5 2. Nf3 Nc6 3. Bb5 a6 4. Ba4 Nf6 5. O-O Be7 6. Re1 b5 7. Bb3 O-O 8. c3 d6 9. h3 Na5 10. Bc2 c5 11. d4 Nd7 12. a4 Bb7 13. d5 Nb6 14. axb5 axb5 15. Nbd2 Nac4 16. Rxa8 Qxa8 17. Nf1 b4 18. b3 Na3 19. c4 Nxc2 20. Qxc2 Bc8 21. Ng3 g6 22. Bb2 Qb8 23. Ra1 Nd7 24. Bc1 Bb7 25. Bh6 Re8 26. Nh2 Nf6 27. Qd2 Bc8 28. Bg5 Kg7 29. Bh6+ Kh8 30. Bg5 Bd7 31. Qe3 Qb6 32. Qf3 Kg7 33. Qe3 Qd8 34. Ra7 Kg8 35. Ra6 Bc8 36. Ra8 Qd7 37. Qf3 Nxd5 38. exd5 Bxg5 39. Ne4 Be7 40. Ng4 Qb7 41. Nef6+ Kf8 42. Nxh7+ Kg7 43. Nhf6 Qxa8 44. Nxe8+ Kf8 45. Nc7 Qa1+ 46. Kh2 f5 47. Ne3 e4 48. Qg3 Qf6 49. f4 Kf7 50. Nb5 Qb2 51. Nf1 Qe2 52. Kg1 Qd1 53. Qe3 Bd7 54. Nc7 Bf6 55. Nb5 Bxb5 0-1

[Event "Titled Tuesday 2020.12.22"]
[Site "chess.com INT"]
[Date "2020.12.22"]
[Round "4"]
[White "Noritsyn, Nikolay"]
[Black "Hansen, Eric"]
[Result "0-1"]
[WhiteElo "2512"]
[BlackElo "2606"]
[PlyCount "74"]
[GameId "2130307590639850"]
[EventDate "2020.12.22"]
[EventType "swiss (blitz)"]
[EventRounds "11"]
[EventCountry "NET"]
[SourceTitle "The Week in Chess 1364"]
[Source "Mark Crowther"]
[SourceDate "2020.12.28"]
[SourceVersion "1"]
[SourceVersionDate "2020.12.28"]
[SourceQuality "2"]

1. e4 c5 2. Nf3 e6 3. d4 cxd4 4. Nxd4 a6 5. Nc3 Qc7 6. a3 Nf6 7. f4 d6 8. g4 e5 9. Nf5 g6 10. g5 Nxe4 11. Nd5 Qd8 12. Ng3 Nxg3 13. hxg3 Bg7 14. Be3 Nd7 15. Qd2 exf4 16. Bd4 Bxd4 17. Qxd4 Ne5 18. Nf6+ Qxf6 19. O-O-O Qe7 20. gxf4 Bg4 21. Re1 O-O 22. Rg1 Rfe8 23. fxe5 Qxg5+ 24. Kb1 h5 25. Qxd6 Rad8 26. Qb6 Rxe5 27. Bd3 Rxe1+ 28. Rxe1 Bf3 29. Qc7 Rf8 30. Bc4 h4 31. Re7 Qf6 32. Re3 h3 33. Qg3 Bg2 34. Ka2 b5 35. Bb3 Kg7 36. Re5 Rh8 37. Rg5 h2 0-1

[Event "Titled Tuesday 2020.12.22"]
[Site "chess.com INT"]
[Date "2020.12.22"]
[Round "5"]
[White "Hansen, Eric"]
[Black "Raja, Harshit"]
[Result "1-0"]
[WhiteElo "2606"]
[BlackElo "2472"]
[PlyCount "65"]
[GameId "2130307590639904"]
[EventDate "2020.12.22"]
[EventType "swiss (blitz)"]
[EventRounds "11"]
[EventCountry "NET"]
[SourceTitle "The Week in Chess 1364"]
[Source "Mark Crowther"]
[SourceDate "2020.12.28"]
[SourceVersion "1"]
[SourceVersionDate "2020.12.28"]
[SourceQuality "2"]

1. e4 c5 2. Nf3 d6 3. Bb5+ Nd7 4. c3 Ngf6 5. Qe2 a6 6. Ba4 b5 7. Bc2 Bb7 8. O-O e6 9. d4 cxd4 10. cxd4 Rc8 11. Bd3 Be7 12. Re1 O-O 13. Nbd2 Qb6 14. Nf1 d5 15. e5 Ne4 16. Ng3 f5 17. exf6 Ndxf6 18. Be3 Rc4 19. Ne5 Rc7 20. Rad1 Bb4 21. Rf1 Rfc8 22. Bb1 g6 23. f3 Nd6 24. Bg5 Nde8 25. Kh1 Bf8 26. Rfe1 Bg7 27. Bf4 Re7 28. Bg5 Nd6 29. Ng4 Rf8 30. Qd2 Qc7 31. b3 Nf5 32. Nf1 Nxg4 33. fxg4 1-0

[Event "Titled Tuesday 2020.12.22"]
[Site "chess.com INT"]
[Date "2020.12.22"]
[Round "10"]
[White "Hansen, Eric"]
[Black "Sadhwani, Raunak"]
[Result "0-1"]
[WhiteElo "2606"]
[BlackElo "2545"]
[PlyCount "104"]
[GameId "2130307590652440"]
[EventDate "2020.12.22"]
[EventType "swiss (blitz)"]
[EventRounds "11"]
[EventCountry "NET"]
[SourceTitle "The Week in Chess 1364"]
[Source "Mark Crowther"]
[SourceDate "2020.12.28"]
[SourceVersion "1"]
[SourceVersionDate "2020.12.28"]
[SourceQuality "2"]

1. e4 g6 2. d4 Bg7 3. Nf3 d6 4. c3 Nf6 5. Bd3 O-O 6. O-O Nc6 7. h3 e5 8. Re1 Nh5 9. Bg5 Qe8 10. Be3 f5 11. dxe5 f4 12. Bd4 Nxe5 13. Bxe5 Bxe5 14. Nbd2 Kg7 15. Nc4 Nf6 16. Qb3 Qe7 17. Rad1 Re8 18. Qb4 Nd7 19. a4 Bf6 20. Be2 Qf7 21. Bf1 b6 22. a5 Bb7 23. Ncd2 h5 24. Bc4 Qe7 25. Bd5 c6 26. Ba2 d5 27. Qxe7+ Rxe7 28. exd5 cxd5 29. Rxe7+ Bxe7 30. a6 Bxa6 31. Bxd5 Rc8 32. Ra1 Nb8 33. Rxa6 Nxa6 34. Bb7 Rc5 35. Bxa6 Ra5 36. Bc4 b5 37. Bf1 Ra1 38. Nd4 a6 39. g3 fxg3 40. fxg3 Ra2 41. Ne4 Rxb2 42. Bd3 h4 43. gxh4 Bxh4 44. Kf1 Ra2 45. Ne6+ Kh6 46. Nd4 Rb2 47. Nf3 Be7 48. Nd4 Bd8 49. Nc5 Bb6 50. Nxa6 b4 51. Ne2 bxc3 52. Ke1 Be3 0-1

[Event "Titled Tuesday 2020.12.22"]
[Site "chess.com INT"]
[Date "2020.12.22"]
[Round "11"]
[White "Gavrilescu, David"]
[Black "Hansen, Eric"]
[Result "1-0"]
[WhiteElo "2476"]
[BlackElo "2606"]
[PlyCount "95"]
[GameId "2130307590656577"]
[EventDate "2020.12.22"]
[EventType "swiss (blitz)"]
[EventRounds "11"]
[EventCountry "NET"]
[SourceTitle "The Week in Chess 1364"]
[Source "Mark Crowther"]
[SourceDate "2020.12.28"]
[SourceVersion "1"]
[SourceVersionDate "2020.12.28"]
[SourceQuality "2"]

1. e4 c5 2. Nf3 e6 3. d4 cxd4 4. Nxd4 a6 5. Bd3 Qb6 6. c3 Nc6 7. Nb3 Qc7 8. O-O Nf6 9. f4 d6 10. N1d2 Be7 11. a4 b6 12. Nf3 Bb7 13. Qe2 O-O 14. Be3 Na5 15. Nxa5 bxa5 16. Nd2 Bc6 17. b4 axb4 18. cxb4 Qb7 19. Bxa6 Rxa6 20. b5 Raa8 21. bxc6 Qxc6 22. Rfc1 Qd7 23. Qb5 Qxb5 24. axb5 Ng4 25. Ba7 Bf6 26. e5 dxe5 27. b6 exf4 28. Ra4 Rfd8 29. Nf3 Rd7 30. h3 Ne5 31. Rc7 Rxc7 32. bxc7 Nxf3+ 33. gxf3 Rc8 34. Rb4 Be5 35. Rb8 Rxb8 36. Bxb8 Bxc7 37. Bxc7 g5 38. Be5 h6 39. h4 gxh4 40. Kg2 Kh7 41. Bxf4 Kg6 42. Kh3 Kh5 43. Be3 e5 44. Bd2 f6 45. Bc3 Kg5 46. Bd2+ Kh5 47. Bc1 f5 48. Bd2 1-0

[Event "Titled Tuesday 2020.11.17"]
[Site "chess.com INT"]
[Date "2020.11.17"]
[Round "1"]
[White "Hansen, Eric"]
[Black "Yang, Kaiqi"]
[Result "1-0"]
[WhiteElo "2606"]
[BlackElo "2481"]
[PlyCount "79"]
[GameId "2130307591699051"]
[EventDate "2020.11.17"]
[EventType "swiss (blitz)"]
[EventRounds "11"]
[EventCountry "NET"]
[SourceTitle "The Week in Chess 1359"]
[Source "Mark Crowther"]
[SourceDate "2020.11.23"]
[SourceVersion "2"]
[SourceVersionDate "2020.11.24"]
[SourceQuality "2"]

1. e4 d5 2. exd5 Qxd5 3. Nc3 Qd6 4. d4 c6 5. Nf3 Bg4 6. h3 Bxf3 7. Qxf3 Nf6 8. Be3 e6 9. O-O-O Be7 10. Kb1 Nbd7 11. g4 Nd5 12. Ne4 Qb4 13. Bc1 N7f6 14. c3 Qa5 15. Nd2 O-O 16. g5 Nd7 17. h4 c5 18. Nb3 Qc7 19. h5 cxd4 20. Nxd4 Ne5 21. Qg3 Rac8 22. g6 Nc4 23. h6 Qxg3 24. gxf7+ Rxf7 25. fxg3 Nce3 26. Re1 Nxf1 27. Rhxf1 Rxf1 28. Rxf1 e5 29. Nf5 Bf6 30. hxg7 e4 31. Nd6 Rd8 32. Nxe4 Bxg7 33. Rf5 Ne7 34. Rb5 b6 35. Bg5 Rd7 36. Kc2 Nc6 37. a4 h6 38. Bxh6 Re7 39. Bxg7 Rxe4 40. Rg5 1-0

[Event "Titled Tuesday 2020.11.17"]
[Site "chess.com INT"]
[Date "2020.11.17"]
[Round "5"]
[White "Hansen, Eric"]
[Black "Remizov, Yaroslav"]
[Result "1-0"]
[WhiteElo "2606"]
[BlackElo "2385"]
[PlyCount "27"]
[GameId "2130307591711638"]
[EventDate "2020.11.17"]
[EventType "swiss (blitz)"]
[EventRounds "11"]
[EventCountry "NET"]
[SourceTitle "The Week in Chess 1359"]
[Source "Mark Crowther"]
[SourceDate "2020.11.23"]
[SourceVersion "2"]
[SourceVersionDate "2020.11.24"]
[SourceQuality "2"]

1. e4 c6 2. Nc3 d5 3. Nf3 dxe4 4. Nxe4 Nf6 5. d3 Nxe4 6. dxe4 Qxd1+ 7. Kxd1 g6 8. c3 Bg7 9. Be3 Nd7 10. h3 e5 11. Kc2 b6 12. Rd1 Bb7 13. Bc4 O-O 14. Rxd7 1-0

[Event "Titled Tuesday 2020.11.17"]
[Site "chess.com INT"]
[Date "2020.11.17"]
[Round "7"]
[White "Sadhwani, Raunak"]
[Black "Hansen, Eric"]
[Result "1-0"]
[WhiteElo "2545"]
[BlackElo "2606"]
[PlyCount "97"]
[GameId "2130307591719994"]
[EventDate "2020.11.17"]
[EventType "swiss (blitz)"]
[EventRounds "11"]
[EventCountry "NET"]
[SourceTitle "The Week in Chess 1359"]
[Source "Mark Crowther"]
[SourceDate "2020.11.23"]
[SourceVersion "2"]
[SourceVersionDate "2020.11.24"]
[SourceQuality "2"]

1. c4 e5 2. Nc3 Bb4 3. Nd5 Be7 4. d4 d6 5. e4 Nc6 6. Ne2 Nf6 7. Nxe7 Qxe7 8. f3 O-O 9. d5 Nb8 10. g4 c6 11. Ng3 Qc7 12. Be3 a5 13. h4 Na6 14. h5 Nd7 15. dxc6 bxc6 16. Nf5 d5 17. cxd5 cxd5 18. Ne7+ Kh8 19. Nxd5 Qb8 20. h6 g6 21. Qd2 Nb4 22. Bc4 Nxd5 23. Bxd5 Ra6 24. O-O Nf6 25. Bc4 Rc6 26. b3 a4 27. Bg5 Ng8 28. Bd5 Rb6 29. Be3 Ra6 30. bxa4 Rxa4 31. Rab1 Qc7 32. Rfc1 Qe7 33. Bc5 Qd8 34. Bxf8 Qxf8 35. Qc2 Bd7 36. Rb7 Qxh6 37. Rxd7 Qe3+ 38. Kg2 Rd4 39. Rd1 Nf6 40. Qc8+ Kg7 41. Rxf7+ Kh6 42. Qc1 Qxc1 43. Rxc1 Rd2+ 44. Kg3 Kg5 45. Rxf6 Kxf6 46. a4 Kg5 47. a5 h5 48. gxh5 gxh5 49. a6 1-0

[Event "Titled Tuesday 2020.11.17"]
[Site "chess.com INT"]
[Date "2020.11.17"]
[Round "8"]
[White "Corrales Jimenez, Fidel"]
[Black "Hansen, Eric"]
[Result "1/2-1/2"]
[WhiteElo "2532"]
[BlackElo "2606"]
[PlyCount "115"]
[GameId "2130307591724115"]
[EventDate "2020.11.17"]
[EventType "swiss (blitz)"]
[EventRounds "11"]
[EventCountry "NET"]
[SourceTitle "The Week in Chess 1359"]
[Source "Mark Crowther"]
[SourceDate "2020.11.23"]
[SourceVersion "2"]
[SourceVersionDate "2020.11.24"]
[SourceQuality "2"]

1. e4 c5 2. Nf3 e6 3. d4 cxd4 4. Nxd4 a6 5. c4 Nf6 6. Nc3 Bb4 7. Qd3 Nc6 8. Nxc6 dxc6 9. Qxd8+ Kxd8 10. e5 Nd7 11. Bf4 f6 12. O-O-O Ke7 13. exf6+ gxf6 14. Bd2 a5 15. g3 Nc5 16. f4 Rd8 17. Be2 Nd3+ 18. Bxd3 Rxd3 19. Rhe1 Rd4 20. b3 Kf7 21. Ne4 Ba3+ 22. Kc2 e5 23. Bc1 Bb4 24. Rxd4 exd4 25. Bd2 Bf5 26. g4 d3+ 27. Kd1 Bxg4+ 28. Kc1 Ba3+ 29. Kb1 Be7 30. c5 a4 31. Kb2 axb3 32. axb3 Rd8 33. Kc3 f5 34. Ng5+ Bxg5 35. fxg5 Be2 36. b4 Ke6 37. h4 Ke5 38. Rg1 f4 39. g6 hxg6 40. Rg5+ Ke4 41. Rxg6 f3 42. Rf6 Ke5 43. Rf7 Ke6 44. Rf4 Rh8 45. Kd4 Rh5 46. Ke3 Re5+ 47. Kf2 Kd5 48. Rg4 Bd1 49. Rg5 Ke6 50. Rxe5+ Kxe5 51. h5 Kf5 52. h6 Be2 53. Kg3 Kg6 54. Kf2 Kh7 55. Kg3 Kg6 56. Kf2 Bd1 57. Ke3 Be2 58. Kf2 1/2-1/2

[Event "Titled Tuesday 2020.11.17"]
[Site "chess.com INT"]
[Date "2020.11.17"]
[Round "10"]
[White "Chigaev, Maksim"]
[Black "Hansen, Eric"]
[Result "1-0"]
[WhiteElo "2615"]
[BlackElo "2606"]
[PlyCount "51"]
[GameId "2130307591728326"]
[EventDate "2020.11.17"]
[EventType "swiss (blitz)"]
[EventRounds "11"]
[EventCountry "NET"]
[SourceTitle "The Week in Chess 1359"]
[Source "Mark Crowther"]
[SourceDate "2020.11.23"]
[SourceVersion "2"]
[SourceVersionDate "2020.11.24"]
[SourceQuality "2"]

1. e4 c5 2. b3 d6 3. Bb2 e5 4. Bc4 Nc6 5. Ne2 Nf6 6. d3 a6 7. a4 Nh5 8. O-O Qh4 9. Nbc3 Be7 10. Nd5 O-O 11. f4 Bg4 12. fxe5 dxe5 13. Qe1 Qxe1 14. Nxe7+ Nxe7 15. Raxe1 Nc6 16. Nc3 Nd4 17. Rf2 Nf4 18. Nd5 Nfe2+ 19. Kh1 b5 20. Ne7+ Kh8 21. Bd5 Rae8 22. Nc6 f5 23. h3 Bh5 24. Nxd4 Nxd4 25. exf5 b4 26. g4 1-0